<?xml version="1.0" encoding="UTF-8"?>
<record
    xmlns:xsi="http://www.w3.org/2001/XMLSchema-instance"
    xsi:schemaLocation="http://www.loc.gov/MARC21/slim http://www.loc.gov/standards/marcxml/schema/MARC21slim.xsd"
    xmlns="http://www.loc.gov/MARC21/slim">

  <leader>01864cam a2200289 i 4500</leader>
  <datafield tag="999" ind1=" " ind2=" ">
    <subfield code="c">13011</subfield>
    <subfield code="d">13011</subfield>
  </datafield>
  <controlfield tag="001">18226532</controlfield>
  <controlfield tag="005">20190131101855.0</controlfield>
  <controlfield tag="008">140715t20152015nyua     b    001 0 eng  </controlfield>
  <datafield tag="010" ind1=" " ind2=" ">
    <subfield code="a">  2014027462</subfield>
  </datafield>
  <datafield tag="020" ind1=" " ind2=" ">
    <subfield code="a">9780393936728 (pbk. : alk. paper)</subfield>
  </datafield>
  <datafield tag="020" ind1=" " ind2=" ">
    <subfield code="a">0393936724 (pbk. : alk. paper)</subfield>
  </datafield>
  <datafield tag="040" ind1=" " ind2=" ">
    <subfield code="a">DLC</subfield>
    <subfield code="b">eng</subfield>
    <subfield code="c">DLC</subfield>
    <subfield code="e">rda</subfield>
    <subfield code="d">DLC</subfield>
  </datafield>
  <datafield tag="042" ind1=" " ind2=" ">
    <subfield code="a">pcc</subfield>
  </datafield>
  <datafield tag="050" ind1="0" ind2="0">
    <subfield code="a">QH308.2.D57 2015</subfield>
    <subfield code="b">.D57 2015</subfield>
  </datafield>
  <datafield tag="082" ind1="0" ind2="0">
    <subfield code="2">23</subfield>
  </datafield>
  <datafield tag="100" ind1="1" ind2=" ">
    <subfield code="a">Singh-Cundy Anu</subfield>
    <subfield code="e">author.</subfield>
  </datafield>
  <datafield tag="245" ind1="1" ind2="0">
    <subfield code="a">Discover biology.</subfield>
    <subfield code="c">Anu Singh Cundy , Gary Shin</subfield>
  </datafield>
  <datafield tag="250" ind1=" " ind2=" ">
    <subfield code="a">Sixth edition /</subfield>
    <subfield code="b">Anu Singh-Cundy, Western Washington University, Gary Shin, California State University, Long Beach.</subfield>
  </datafield>
  <datafield tag="300" ind1=" " ind2=" ">
    <subfield code="a">xxiv,807p;</subfield>
    <subfield code="b">ill,[some col]</subfield>
    <subfield code="c">28cm.</subfield>
  </datafield>
  <datafield tag="504" ind1=" " ind2=" ">
    <subfield code="a">Includes bibliographical references and index.</subfield>
  </datafield>
  <datafield tag="505" ind1="0" ind2=" ">
    <subfield code="a">The nature of Science and the characteristics of life -- Unit 1. Cells: the basic units of life. The chemistry of life -- Cell structure and internal compartments -- Cell membranes, transport, and communication -- Energy, metabolism, and enzymes -- Photosynthesis and cellular respiration -- Cell division -- Cancer and human health -- Unit 2. Genetics. Patterns of inheritance -- Chromosomes and human genetics -- DNA and genes -- From gene to protein -- DNA technology -- Unit 3. Evolution. How evolution works -- The origins of species -- The evolutionary history of life -- Bacteria, archaea, and viruses -- Protista, plantae, and fungi -- Animalia -- Unit 4. The biosphere. Growth of populations -- Animal behavior -- Ecological communities -- Ecosystems -- Global change.</subfield>
  </datafield>
  <datafield tag="650" ind1=" " ind2="0">
    <subfield code="a">Biology</subfield>
    <subfield code="v">Textbooks.</subfield>
  </datafield>
  <datafield tag="700" ind1="1" ind2=" ">
    <subfield code="a">Shin, Gary,</subfield>
    <subfield code="e">author.</subfield>
  </datafield>
  <datafield tag="906" ind1=" " ind2=" ">
    <subfield code="a">7</subfield>
    <subfield code="b">cbc</subfield>
    <subfield code="c">orignew</subfield>
    <subfield code="d">1</subfield>
    <subfield code="e">ecip</subfield>
    <subfield code="f">20</subfield>
    <subfield code="g">y-gencatlg</subfield>
  </datafield>
  <datafield tag="942" ind1=" " ind2=" ">
    <subfield code="2">lcc</subfield>
    <subfield code="c">BOOKS</subfield>
    <subfield code="h">QH308.2.D57 2015</subfield>
    <subfield code="0">1</subfield>
  </datafield>
  <datafield tag="952" ind1=" " ind2=" ">
    <subfield code="0">0</subfield>
    <subfield code="1">0</subfield>
    <subfield code="2">lcc</subfield>
    <subfield code="4">0</subfield>
    <subfield code="7">0</subfield>
    <subfield code="a">MUC</subfield>
    <subfield code="b">MUC</subfield>
    <subfield code="c">GEN</subfield>
    <subfield code="d">2016-08-09</subfield>
    <subfield code="e">Donation (BFA)</subfield>
    <subfield code="l">2</subfield>
    <subfield code="o">QH308.2.D57 2015</subfield>
    <subfield code="p">24360</subfield>
    <subfield code="r">2024-11-25</subfield>
    <subfield code="s">2024-11-12</subfield>
    <subfield code="w">2016-08-09</subfield>
    <subfield code="y">BOOKS</subfield>
  </datafield>
</record>
